| 000 | 01060 a2200229 4500 | ||
|---|---|---|---|
| 010 | _aENG-90144 B-477253 | ||
| 020 |
_a8190356119 _c1200.00 |
||
| 035 | _aEN-73677 B-477253 | ||
| 037 | _bDBAD / PUB | ||
| 037 | _bK.K.Pub/Ven | ||
| 082 | 1 | 4 | _a954.16 |
| 100 | 1 |
_aRanjan Kumar Singh _950885 |
|
| 245 | 1 |
_aDelhi: _cby Ranjan Kumar Singh _brising above ruins/ |
|
| 260 |
_aPatna _bParijat Prakashan _c2006 |
||
| 270 |
_aKamta Sadan, Kamta Singh Kam Lane, East Boring Canal Road, _bPatna |
||
| 300 |
_a136p.: _c28 cm (Hb) _bcol. photos |
||
| 500 | _aIncludes index | ||
| 942 |
_adpl _cEN _k954.16 / RAN _2ddc _h954.16 _mRAN |
||
| 999 |
_c12194 _d12194 |
||